000 00378pab a2200133 454500
008 180718b1999 xxu||||| |||| 00| 0 eng d
245 _aSPECIAL issue: innovative uses of information technology in management education
260 _c1999
300 _ap.630-746
362 _aDec
650 _aManagement education
773 _aJournal of Management Education
909 _a43833
999 _c43833
_d43833